| 000 | 00757nam a2200265Ia 4500 | ||
|---|---|---|---|
| 003 | OSt | ||
| 005 | 20220925221735.0 | ||
| 006 | a|||||r|||| 00| 0 | ||
| 007 | ta | ||
| 008 | 220923b |||||||| |||| 00| 0 eng d | ||
| 020 | _a0177110503 | ||
| 037 | _cGeneral Book | ||
| 040 |
_aRTL _cRTL _beng |
||
| 041 |
_2eng _aeng |
||
| 082 | _aV3.M15<--L14, L4 | ||
| 100 | _aOwen John B | ||
| 245 | 0 | _aEighteenth century, 1714-1815 | |
| 260 |
_aLondon _bNelson _c1974 |
||
| 300 |
_axv, 365p _ccm. |
||
| 490 | _aHistory of England. Ed by D M C Brooke and D M Smith; 6 | ||
| 500 | _aBibliography: P 344-49 | ||
| 650 |
_aGreat Britain History _91540 |
||
| 942 |
_hV3.M15<--L14, L4 _cGB _2CC |
||
| 999 |
_c575226 _d575226 |
||